| 000 | 00502nam a2200157 a 4500 | ||
|---|---|---|---|
| 005 | 20140310183300.0 | ||
| 008 | 041126s19uu xx 00 eng d | ||
| 020 | _a1857370910 | ||
| 050 |
_aQB 497 _b.Il29 1993 |
||
| 245 |
_aThe illustrated dictionary of space / _ccontributors: Michael Pollard and Felicity Trotman. |
||
| 260 |
_aWiltshire, United Kingdom : _bMerlion Publishing, _c1993. |
||
| 300 |
_a160 p. : _bcol. ill. ; _c29 cm. |
||
| 650 |
_aScience _xSpace. |
||
| 942 |
_cBK _2lcc |
||
| 999 |
_c20950 _d20950 |
||